[Event "Bundesliga 2021-22"]
[Site "Bremen GER"]
[Date "2022.05.28"]
[Round "9.5"]
[Board "7"]
[White "Handke, Florian"]
[Black "Reuker, Jari"]
[Result "1/2-1/2"]
[WhiteTitle "GM"]
[WhiteElo "2539"]
[BlackElo "2425"]
[WhiteTeam "SG Solingen"]
[BlackTeam "SV Werder Bremen"]
[WhiteFideId "4634527"]
[BlackFideId "12909300"]
[EventDate "2022.03.05"]

1. e4 e5 2. Nf3 Nc6 3. Bc4 Bc5 4. d3 Nf6 5. O-O O-O 6. Bg5 h6 7. Bh4 g5 8. Bg3
d6 9. c3 Bb6 10. Nbd2 Nh7 11. Bb3 h5 12. h4 Bg4 13. Qc1 Kg7 14. hxg5 Nxg5 15.
Nxg5 Qxg5 16. Nc4 Qxc1 17. Rfxc1 Bc5 18. Bd1 a5 19. Bxg4 hxg4 20. a4 f5 21. exf5
Ne7 22. Nxe5 dxe5 23. Bxe5+ Kg8 24. Bxc7 Nxf5 25. d4 Bd6 26. Bxd6 Nxd6 27. Re1
Rae8 28. b4 axb4 29. Rxe8 Rxe8 30. cxb4 Re4 31. f3 Rxd4 32. fxg4 Rxb4 33. a5
Rxg4 34. a6 bxa6 35. Rxa6 Nf5 36. Ra7 Ng7 37. Kf2 Kh7 38. Ra6 Nh5 39. Kf3 Rg3+
40. Ke4 Rxg2 41. Kf5 Ng7+ 42. Ke5 Rg5+ 43. Kf4 Rb5 44. Ke4 Nh5 45. Kd4 Kg7 46.
Kc4 Rf5 47. Kd4 Nf6 48. Ra1 Rd5+ 49. Kc4 Rd8 50. Ra3 Kg6 51. Rd3 Rc8+ 52. Kd4
Kf5 53. Rf3+ Ke6 54. Re3+ Kd6 55. Ra3 Rc6 56. Rf3 Nd7 57. Rh3 Nc5 58. Rh6+ Ne6+
59. Ke4 Rc4+ 60. Kd3 Rg4 61. Ke3 Kd5 62. Rh5+ Ng5 63. Rh8 Nf7 64. Re8 Nd6 65.
Kf3 Rh4 66. Ra8 Kd4 67. Ra7 Rh8 68. Ra4+ Nc4 69. Kf4 Rf8+ 70. Kg5 Kd5 71. Ra1
Rf2 72. Ra8 Rf1 73. Ra7 Ke6 74. Ra4 Rf5+ 75. Kh4 Rf4+ 76. Kg5 Ke5 77. Ra1 Rf5+
78. Kg6 Rf3 79. Re1+ Kd5 80. Kg5 Nd6 81. Kg4 Rf8 82. Ra1 Nc4 83. Ra4 Ne3+ 84.
Kg3 Ke5 85. Ra7 Nf5+ 86. Kf3 Nd6+ 87. Ke3 Rf7 88. Rxf7 Nxf7 1/2-1/2

[Event "Bundesliga 2021-22"]
[Site "Bremen GER"]
[Date "2022.05.28"]
[Round "9.5"]
[Board "8"]
[White "Wachinger, Nikolas"]
[Black "Krastev, Alexander"]
[Result "1/2-1/2"]
[BlackTitle "FM"]
[WhiteElo "2376"]
[BlackElo "2409"]
[WhiteTeam "SV Werder Bremen"]
[BlackTeam "SG Solingen"]
[WhiteFideId "12962791"]
[BlackFideId "12989983"]
[EventDate "2022.03.05"]

1. e4 c5 2. Nf3 Nc6 3. Bb5 g6 4. O-O Bg7 5. c3 Nf6 6. Re1 O-O 7. d4 d5 8. e5 Ne4
9. Bxc6 bxc6 10. Be3 cxd4 11. cxd4 f6 12. Nbd2 Bg4 13. exf6 Nxd2 14. Qxd2 exf6
15. Bh6 Bxf3 16. Bxg7 Kxg7 17. gxf3 Qd7 18. Kg2 Rfe8 19. Rac1 Rxe1 20. Rxe1 Re8
21. Rxe8 Qxe8 22. Qb4 Qd7 23. Qb8 Kf7 24. a4 Ke6 25. a5 Ke7 26. a6 Ke6 27. h4
Ke7 28. Qg8 Kd6 29. Qf8+ Qe7 30. Qb8+ Qc7 31. Qb4+ c5 32. dxc5+ Qxc5 33. Qf4+
Ke6 34. b4 Qb6 35. b5 d4 36. Qe4+ Kd6 37. Qe8 Kc5 38. Qd7 Kb4 39. Qxh7 d3 40.
Qd7 Qxb5 41. Qxa7 Ka5 42. Qe7 Qxa6 43. Qa3+ Kb6 44. Qd6+ Ka5 45. Qa3+ Kb6 1/2-1/2

[Event "Bundesliga 2021-22"]
[Site "Bremen GER"]
[Date "2022.05.28"]
[Round "9.6"]
[Board "1"]
[White "Kryvoruchko, Yuriy"]
[Black "Dardha, Daniel"]
[Result "1/2-1/2"]
[WhiteTitle "GM"]
[BlackTitle "GM"]
[WhiteElo "2683"]
[BlackElo "2540"]
[WhiteTeam "SC Viernheim"]
[BlackTeam "SV Muelheim Nord"]
[WhiteFideId "14109182"]
[BlackFideId "240990"]
[EventDate "2022.03.05"]

1. e4 e5 2. Nf3 Nf6 3. d4 Nxe4 4. Bd3 d5 5. dxe5 Be7 6. O-O Nc5 7. Be2 O-O 8.
Be3 c6 9. Re1 Nbd7 10. Nbd2 f6 11. exf6 Nxf6 12. h3 Kh8 13. c4 Be6 14. Nd4 Bd7
15. N2f3 Bd6 16. cxd5 Nxd5 17. Bg5 Qe8 18. Bc4 Qg6 19. Qb1 Qf7 20. Be3 Qh5 21.
b4 Ne6 22. Bxd5 cxd5 23. Nxe6 Bxe6 24. Bc5 Bxc5 25. Rxe6 Rxf3 26. bxc5 Rxf2 27.
Kxf2 Qf7+ 28. Kg1 Qxe6 29. Qxb7 Rc8 30. Qxa7 Qe3+ 31. Kh1 Qxc5 32. Qd7 h6 33.
Rd1 Ra8 34. Rxd5 Qc4 35. Qf7 Qc1+ 36. Kh2 Qb2 37. Rc5 Qd4 38. Qc7 Kh7 39. Rc4
Qa1 40. Qe7 Qxa2 41. Rg4 Rg8 42. Qe4+ 1/2-1/2

[Event "Bundesliga 2021-22"]
[Site "Bremen GER"]
[Date "2022.05.28"]
[Round "9.6"]
[Board "2"]
[White "Beerdsen, Thomas"]
[Black "Korobov, Anton"]
[Result "0-1"]
[WhiteTitle "IM"]
[BlackTitle "GM"]
[WhiteElo "2496"]
[BlackElo "2695"]
[WhiteTeam "SV Muelheim Nord"]
[BlackTeam "SC Viernheim"]
[WhiteFideId "1030108"]
[BlackFideId "14105730"]
[EventDate "2022.03.05"]

1. e4 c5 2. Nf3 d6 3. d4 cxd4 4. Nxd4 Nf6 5. Nc3 a6 6. h4 Nc6 7. h5 Bd7 8. h6
gxh6 9. Nb3 h5 10. Nd5 e6 11. Nxf6+ Qxf6 12. Rxh5 Rg8 13. Qe2 O-O-O 14. c3 h6
15. Be3 Qg6 16. Nd2 e5 17. Rh1 Be6 18. O-O-O f5 19. exf5 Qxf5 20. Bb6 Rd7 21.
Nc4 d5 22. Ne3 Qf4 23. Qh5 Bg7 24. g3 Qxf2 25. Nxd5 Qf7 26. Qxf7 Rxf7 27. Be2
Bf8 28. Rhg1 e4 29. Be3 Ne5 30. Nb6+ Kc7 31. Nd5+ Kc6 32. c4 Bg4 33. Bxg4 Rxg4
34. Bf4 Nd3+ 35. Kc2 h5 36. Rh1 h4 37. Ne3 hxg3 38. Nxg4 Rxf4 39. Ne3 Rf3 40.
Nd5 Nf2 41. Rhg1 Nxd1 42. Kxd1 Bc5 43. Rg2 Bf2 44. Nc3 Rxc3 0-1

[Event "Bundesliga 2021-22"]
[Site "Bremen GER"]
[Date "2022.05.28"]
[Round "9.6"]
[Board "3"]
[White "Anton Guijarro, David"]
[Black "Vrolijk, Liam"]
[Result "1/2-1/2"]
[WhiteTitle "GM"]
[BlackTitle "IM"]
[WhiteElo "2694"]
[BlackElo "2476"]
[WhiteTeam "SC Viernheim"]
[BlackTeam "SV Muelheim Nord"]
[WhiteFideId "2285525"]
[BlackFideId "1048333"]
[EventDate "2022.03.05"]

1. Nf3 d5 2. e3 Nf6 3. c4 e6 4. Nc3 c5 5. cxd5 exd5 6. d4 Nc6 7. Bb5 cxd4 8.
exd4 Bd6 9. O-O O-O 10. Bg5 Bg4 11. Be2 h6 12. Bxf6 Qxf6 13. Nxd5 Qd8 14. Ne3
Bxf3 15. Bxf3 Nxd4 16. Bxb7 Rb8 17. Bd5 Be5 18. Rb1 Rb5 19. f4 Bc7 20. Bc4 Rc5
21. Rc1 Bb6 22. Kh1 Nf5 23. Qxd8 Rxd8 24. Nxf5 Rxf5 25. Bb3 g6 26. g3 Rd2 27.
Rc2 Rxc2 28. Bxc2 Rd5 29. Rf3 Rc5 30. Bb3 Rc1+ 31. Kg2 Rb1 32. Rd3 Rxb2+ 33. Kf3
Kf8 34. g4 Ke7 35. h4 Rf2+ 36. Kg3 Re2 37. Kf3 Rf2+ 38. Kg3 Re2 39. Kf3 Rf2+ 1/2-1/2

[Event "Bundesliga 2021-22"]
[Site "Bremen GER"]
[Date "2022.05.28"]
[Round "9.6"]
[Board "4"]
[White "Saltaev, Mihail"]
[Black "Amin, Bassem"]
[Result "0-1"]
[WhiteTitle "GM"]
[BlackTitle "GM"]
[WhiteElo "2482"]
[BlackElo "2683"]
[WhiteTeam "SV Muelheim Nord"]
[BlackTeam "SC Viernheim"]
[WhiteFideId "14200058"]
[BlackFideId "10601457"]
[EventDate "2022.03.05"]

1. e4 e5 2. Nf3 Nc6 3. Bb5 a6 4. Ba4 Nf6 5. d3 d6 6. c3 g6 7. O-O Bg7 8. Re1 O-O
9. h3 b5 10. Bc2 Bb7 11. Be3 Nb8 12. Nbd2 c5 13. d4 cxd4 14. cxd4 exd4 15. Nxd4
Re8 16. a4 b4 17. N4b3 d5 18. Bc5 Nc6 19. a5 Nxe4 20. Bb6 Qb8 21. Bxe4 dxe4 22.
Nxe4 Nxa5 23. Bxa5 Rxe4 24. Qd2 Qe5 25. Rxe4 Qxe4 26. f3 Qd5 27. Qxb4 Re8 28.
Nd2 Re2 29. Kf1 Re3 30. Nc4 Rd3 31. Bb6 Bf8 32. Qa4 Bc6 33. Qc2 Bb5 34. b3 Rxb3 0-1

[Event "Bundesliga 2021-22"]
[Site "Bremen GER"]
[Date "2022.05.28"]
[Round "9.6"]
[Board "5"]
[White "Fedorchuk, Sergey A."]
[Black "Buckels, Valentin"]
[Result "1-0"]
[WhiteTitle "GM"]
[BlackTitle "IM"]
[WhiteElo "2604"]
[BlackElo "2454"]
[WhiteTeam "SC Viernheim"]
[BlackTeam "SV Muelheim Nord"]
[WhiteFideId "14102536"]
[BlackFideId "12942766"]
[EventDate "2022.03.05"]

1. e4 c6 2. Nc3 d5 3. Nf3 dxe4 4. Nxe4 Nf6 5. Qe2 Bf5 6. Nxf6+ gxf6 7. d3 c5 8.
g3 Nc6 9. Bg2 Qd7 10. Be3 Nd4 11. Bxd4 cxd4 12. O-O Rc8 13. Rae1 Bg4 14. Qd2 Bg7
15. Qb4 Bxf3 16. Bxf3 e6 17. Re2 b6 18. Rfe1 f5 19. Bh5 Rc6 20. a4 a5 21. Qa3
Qe7 22. Bf3 Rd6 23. b4 axb4 24. Qxb4 O-O 25. Rb1 Qc7 26. Qa3 Rc8 27. Rb5 Bf8 28.
Qc1 h6 29. Qb2 Qa7 30. Qa2 Rc3 31. a5 Rd7 32. Rxe6 Ra3 33. Qxa3 Bxa3 34. Re8+
Kg7 35. axb6 Qa4 36. Rb3 Re7 37. Ra8 Qd7 38. Raxa3 Re8 39. b7 Rb8 40. Ra8 1-0

[Event "Bundesliga 2021-22"]
[Site "Bremen GER"]
[Date "2022.05.28"]
[Round "9.6"]
[Board "6"]
[White "Hausrath, Daniel"]
[Black "Wagner, Dennis"]
[Result "0-1"]
[WhiteTitle "GM"]
[BlackTitle "GM"]
[WhiteElo "2480"]
[BlackElo "2584"]
[WhiteTeam "SV Muelheim Nord"]
[BlackTeam "SC Viernheim"]
[WhiteFideId "4617495"]
[BlackFideId "24650684"]
[EventDate "2022.03.05"]

1. Nf3 d5 2. g3 g6 3. Bg2 Bg7 4. d4 Nf6 5. O-O O-O 6. c3 a5 7. a4 Nbd7 8. Bf4 b6
9. Na3 Bb7 10. Qc1 Rc8 11. Bh6 c5 12. Qf4 Ba6 13. Rfe1 Bxh6 14. Qxh6 Re8 15. Ng5
cxd4 16. cxd4 Nf8 17. Bh3 e6 18. Nf3 Qe7 19. Qf4 N8d7 20. g4 Qb4 21. g5 Ne4 22.
Bf1 Qxa4 23. h4 Qb4 24. Nh2 Qd6 25. Qe3 h5 26. gxh6 Ndf6 27. f3 Qg3+ 28. Bg2
Qxh4 29. fxe4 Qxh2+ 30. Kxh2 Ng4+ 31. Kg3 Nxe3 32. Bf3 dxe4 33. Bxe4 Nf5+ 34.
Bxf5 exf5 35. e3 Kh7 36. b4 axb4 37. Nc2 b3 38. Nb4 Bc4 39. d5 Kxh6 40. Ra7 b2
41. Kf2 Bxd5 0-1

[Event "Bundesliga 2021-22"]
[Site "Bremen GER"]
[Date "2022.05.28"]
[Round "9.6"]
[Board "7"]
[White "Maze, Sebastien"]
[Black "Feygin, Michael"]
[Result "1-0"]
[WhiteTitle "GM"]
[BlackTitle "GM"]
[WhiteElo "2527"]
[BlackElo "2456"]
[WhiteTeam "SC Viernheim"]
[BlackTeam "SV Muelheim Nord"]
[WhiteFideId "613762"]
[BlackFideId "14103109"]
[EventDate "2022.03.05"]

1. e4 e6 2. d4 d5 3. e5 c5 4. c3 Qb6 5. Nf3 Bd7 6. Bd3 cxd4 7. Nxd4 Nc6 8. Nxc6
bxc6 9. O-O Ne7 10. Nd2 Ng6 11. Nf3 Be7 12. Qe2 Rb8 13. g3 f5 14. exf6 gxf6 15.
h4 Rg8 16. h5 Nf8 17. Bf4 Rb7 18. b4 c5 19. Rfe1 Bb5 20. bxc5 Qxc5 21. Rab1 Bxd3
22. Qxd3 Rd7 23. Be3 Qc7 24. Nd4 Kf7 25. Bh6 e5 26. Bxf8 Bxf8 27. Qxh7+ Rg7 28.
Qf5 Re7 29. Nf3 Qd6 30. h6 Rg6 31. Qh5 1-0

[Event "Bundesliga 2021-22"]
[Site "Bremen GER"]
[Date "2022.05.28"]
[Round "9.6"]
[Board "8"]
[White "Baltic, Fatih"]
[Black "Libiszewski, Fabien"]
[Result "1/2-1/2"]
[WhiteTitle "FM"]
[BlackTitle "GM"]
[WhiteElo "2295"]
[BlackElo "2505"]
[WhiteTeam "SV Muelheim Nord"]
[BlackTeam "SC Viernheim"]
[WhiteFideId "12979090"]
[BlackFideId "616834"]
[EventDate "2022.03.05"]

1. Nf3 c5 2. g3 Nc6 3. Bg2 g6 4. e4 Bg7 5. O-O d6 6. d3 e5 7. c3 Nge7 8. a3 O-O
9. b4 a6 10. Be3 b6 11. Qd2 f5 12. Qa2+ Kh8 13. Ng5 f4 14. Bc1 Qe8 15. Ne6 Bxe6
16. Qxe6 Rf6 17. Qg4 Qf7 18. Nd2 Rf8 19. Nc4 h5 20. Qd7 b5 21. Nxd6 Qb3 22. Ne8
R6f7 23. Nd6 Rf6 24. Ne8 R6f7 25. Nd6 1/2-1/2

[Event "Bundesliga 2021-22"]
[Site "Dusseldorf GER"]
[Date "2022.05.28"]
[Round "9.7"]
[Board "1"]
[White "Piorun, Kacper"]
[Black "Volokitin, Andrei"]
[Result "1-0"]
[WhiteTitle "GM"]
[BlackTitle "GM"]
[WhiteElo "2640"]
[BlackElo "2687"]
[WhiteTeam "SF Berlin"]
[BlackTeam "Duesseldorfer SK"]
[WhiteFideId "1130420"]
[BlackFideId "14107090"]
[EventDate "2022.03.05"]

1. d4 Nf6 2. c4 e6 3. Nf3 d5 4. Nc3 Bb4 5. Qb3 a5 6. Bg5 c5 7. a3 a4 8. Qc2
Bxc3+ 9. bxc3 cxd4 10. cxd4 dxc4 11. Qxc4 Nc6 12. e4 h6 13. Bxf6 Qa5+ 14. Kd1
gxf6 15. Rb1 O-O 16. Bd3 Rd8 17. Ke2 Qa7 18. d5 exd5 19. exd5 Re8+ 20. Kf1 Ne5
21. Qe4 Kf8 22. Bb5 Bd7 23. Bxd7 Nxd7 24. Qh7 Nc5 25. Qxh6+ Kg8 26. Qxf6 Ne4 27.
Qb2 Rad8 28. Rd1 Qc5 29. g3 Rxd5 30. Kg2 Rf5 31. Rd3 Qc6 32. Re1 Kh7 33. Qd4 Kh6
34. Qe3+ Kh7 35. Nd4 Rxf2+ 36. Qxf2 Nxf2+ 37. Nxc6 Rxe1 38. Kxf2 Rh1 39. Kg2 1-0

[Event "Bundesliga 2021-22"]
[Site "Dusseldorf GER"]
[Date "2022.05.28"]
[Round "9.7"]
[Board "2"]
[White "Banusz, Tamas"]
[Black "Schroeder, Jan-Christian"]
[Result "1-0"]
[WhiteTitle "GM"]
[BlackTitle "GM"]
[WhiteElo "2600"]
[BlackElo "2564"]
[WhiteTeam "Duesseldorfer SK"]
[BlackTeam "SF Berlin"]
[WhiteFideId "722413"]
[BlackFideId "24662259"]
[EventDate "2022.03.05"]

1. Nf3 Nf6 2. d4 g6 3. g3 Bg7 4. Bg2 O-O 5. c4 d6 6. Nc3 c5 7. O-O Nc6 8. dxc5
dxc5 9. Be3 Be6 10. Qa4 Nd4 11. Rad1 Bd7 12. Qa3 Nc2 13. Qxc5 b6 14. Qg5 h6 15.
Qf4 g5 16. Qe5 Rc8 17. Nd5 Nxd5 18. Qxd5 Bc6 19. Qxd8 Rfxd8 20. b3 e6 21. g4 f5
22. h3 Be4 23. gxf5 exf5 24. Nh2 Kf7 25. Bc1 Nd4 26. Rd2 a6 27. Bxe4 fxe4 28.
Kg2 Ne6 29. Rxd8 Rxd8 30. f3 b5 31. fxe4+ Kg6 32. Be3 bxc4 33. bxc4 Rb8 34. Rd1
Rb4 35. Rc1 Rb2 36. Kf2 Rxa2 37. Nf3 Ra3 38. e5 Kf5 39. c5 Rb3 40. c6 Rb8 41. c7
Rc8 42. Bb6 Bxe5 43. e4+ Kf6 44. Rc6 1-0

[Event "Bundesliga 2021-22"]
[Site "Dusseldorf GER"]
[Date "2022.05.28"]
[Round "9.7"]
[Board "3"]
[White "Kraemer, Martin"]
[Black "Timman, Jan H"]
[Result "1/2-1/2"]
[WhiteTitle "GM"]
[BlackTitle "GM"]
[WhiteElo "2584"]
[BlackElo "2533"]
[WhiteTeam "SF Berlin"]
[BlackTeam "Duesseldorfer SK"]
[WhiteFideId "4671910"]
[BlackFideId "1000012"]
[EventDate "2022.03.05"]

1. d4 Nf6 2. c4 e6 3. Nf3 b6 4. g3 Ba6 5. b3 Bb4+ 6. Bd2 Be7 7. Bg2 c6 8. O-O d5
9. Qc2 O-O 10. Rd1 Nbd7 11. Bf4 Rc8 12. Nc3 Nh5 13. Bc1 Nhf6 14. e4 Nxe4 15.
Nxe4 dxe4 16. Qxe4 b5 17. Qc2 bxc4 18. bxc4 Qa5 19. Bd2 Qa3 20. Bf4 c5 21. d5
exd5 22. cxd5 Bf6 23. Rac1 c4 24. d6 Bb5 25. Re1 Ba4 26. Qe4 c3 27. Qe3 Qc5 28.
Ne5 Bxe5 29. Bxe5 Nxe5 30. Qxe5 Rfe8 31. Qxc5 Rxe1+ 32. Rxe1 Rxc5 33. Be4 Kf8
34. Bc2 Bc6 1/2-1/2

[Event "Bundesliga 2021-22"]
[Site "Dusseldorf GER"]
[Date "2022.05.28"]
[Round "9.7"]
[Board "4"]
[White "Berelowitsch, Alexander"]
[Black "Gumularz, Szymon"]
[Result "1/2-1/2"]
[WhiteTitle "GM"]
[BlackTitle "GM"]
[WhiteElo "2506"]
[BlackElo "2539"]
[WhiteTeam "Duesseldorfer SK"]
[BlackTeam "SF Berlin"]
[WhiteFideId "14101440"]
[BlackFideId "1188062"]
[EventDate "2022.03.05"]

1. e4 e5 2. Nf3 Nc6 3. Bb5 a6 4. Ba4 Nf6 5. d3 d6 6. O-O b5 7. Bb3 Na5 8. Re1
Be7 9. Nbd2 O-O 10. Nf1 Re8 11. Ng3 Bf8 12. c3 Nxb3 13. Qxb3 h6 14. Bd2 c5 15.
d4 Qc7 16. d5 c4 17. Qc2 a5 18. a4 bxa4 19. Rxa4 Nd7 20. Be3 Ba6 21. Nf5 Bb5 22.
Raa1 Nc5 23. Kh1 Kh7 24. h4 Bd7 25. Bxc5 Qxc5 26. g4 g6 27. Ne3 Be7 28. Rg1 a4
29. Qe2 Reb8 30. h5 a3 31. Rxa3 Rxa3 32. bxa3 Qxa3 33. Qxc4 Rc8 34. Qb4 Qxc3 35.
Qxc3 Rxc3 36. Rb1 Rc7 37. Rb6 Bc8 38. Rc6 Rxc6 39. dxc6 Bd8 40. Kg2 Kg7 41. Nd2
Kf8 42. Ndc4 Ba6 43. Nxd6 Bc7 44. Ndc4 gxh5 45. gxh5 Bb5 46. Nd5 Bxc4 47. Nxc7
Ke7 48. Nd5+ Kd6 49. c7 Ba6 50. Nf6 Kxc7 51. Ng4 Bd3 52. f3 f5 53. exf5 Bxf5 54.
Nxh6 Be6 55. Kg3 Kd6 56. Ng4 Bf5 57. Kh4 Ke6 58. Kg5 Bc2 59. h6 Bd3 60. Nf2 Bc2
61. Ne4 Kf7 62. Kf5 Bd1 63. Ng5+ Kg8 64. Kf6 Kh8 65. h7 Bxf3 1/2-1/2

[Event "Bundesliga 2021-22"]
[Site "Dusseldorf GER"]
[Date "2022.05.28"]
[Round "9.7"]
[Board "5"]
[White "Blohberger, Felix"]
[Black "Levin, Felix"]
[Result "1/2-1/2"]
[WhiteTitle "GM"]
[BlackTitle "GM"]
[WhiteElo "2504"]
[BlackElo "2456"]
[WhiteTeam "SF Berlin"]
[BlackTeam "Duesseldorfer SK"]
[WhiteFideId "1632051"]
[BlackFideId "4650905"]
[EventDate "2022.03.05"]

1. e4 e5 2. Nf3 Nc6 3. Bb5 Nf6 4. O-O Nxe4 5. Re1 Nd6 6. a4 Be7 7. Nc3 O-O 8. d4
e4 9. Nxe4 Nxe4 10. Rxe4 a6 11. Bf1 d5 12. Re1 Bg4 13. c3 Bd6 14. Qd3 f6 15. h3
Bd7 16. Qc2 Ne7 17. Bd3 g6 18. c4 dxc4 19. Bxc4+ Kg7 20. d5 b5 21. Ba2 Re8 22.
Bd2 c5 23. dxc6 Nxc6 24. Bh6+ Kxh6 25. Qd2+ Kg7 26. Qxd6 Ra7 27. Rec1 Ne5 28.
Nxe5 Rxe5 29. a5 Qe7 30. Qb6 Be6 31. f4 Re4 32. Re1 Bd5 33. Rxe4 Bxe4 34. Re1
Rd7 35. Bb1 f5 36. Bxe4 fxe4 37. Kh2 Rd2 38. Rc1 Qd6 39. Qb7+ Kh6 40. Qxe4 Rd4
41. Qe5 Qxe5 42. fxe5 Re4 43. Rc5 Kg5 44. Rc6 Rxe5 45. Rxa6 Re2 46. b4 Rb2 47.
Rb6 Rxb4 48. a6 Kf4 49. Rb7 h5 50. h4 Kf5 51. Kh3 Kf6 52. a7 Ra4 53. Rxb5 Rxa7 1/2-1/2

[Event "Bundesliga 2021-22"]
[Site "Dusseldorf GER"]
[Date "2022.05.28"]
[Round "9.7"]
[Board "6"]
[White "Sorensen, Hampus"]
[Black "Jakubowski, Krzysztof"]
[Result "1-0"]
[WhiteTitle "IM"]
[BlackTitle "GM"]
[WhiteElo "2364"]
[BlackElo "2475"]
[WhiteTeam "Duesseldorfer SK"]
[BlackTeam "SF Berlin"]
[WhiteFideId "8703884"]
[BlackFideId "1112848"]
[EventDate "2022.03.05"]

1. d4 Nf6 2. c4 e6 3. Nc3 Bb4 4. e3 O-O 5. Bd2 c5 6. a3 Bxc3 7. Bxc3 Ne4 8. Ne2
b6 9. d5 Ba6 10. b3 Qh4 11. g3 Qg4 12. Bg2 exd5 13. Qc2 Qf5 14. Nf4 Bb7 15.
O-O-O Re8 16. g4 Qxg4 17. f3 Qh4 18. fxe4 d4 19. Bb2 Na6 20. e5 Bxg2 21. Qxg2
Nc7 22. Qg3 Qh6 23. Kb1 Rxe5 24. Nd3 Rxe3 25. Qxc7 Qh3 26. Nc1 h5 27. Qf4 Rae8
28. Rdf1 Qe6 29. Rhg1 Qe4+ 30. Qxe4 R8xe4 31. Kc2 g6 32. Kd2 Rh3 33. Rg2 d5 34.
cxd5 Re5 35. Nd3 Rxd5 36. Nf4 Rf5 37. Nxg6 Rxh2 38. Rxh2 Rxf1 39. Ne5 Kg7 40.
Nd3 Kg6 41. Ke2 Rb1 42. Rg2+ Kf5 43. Rf2+ Kg4 44. Rxf7 h4 45. Rg7+ Kf5 46. Rxa7
h3 47. Rh7 b5 48. Rxh3 c4 49. Bxd4 cxd3+ 50. Rxd3 Ke4 51. Bf6 1-0

[Event "Bundesliga 2021-22"]
[Site "Dusseldorf GER"]
[Date "2022.05.28"]
[Round "9.7"]
[Board "7"]
[White "Schmidek, Emil"]
[Black "Stark, Lars"]
[Result "1-0"]
[WhiteTitle "FM"]
[BlackTitle "IM"]
[WhiteElo "2383"]
[BlackElo "2386"]
[WhiteTeam "SF Berlin"]
[BlackTeam "Duesseldorfer SK"]
[WhiteFideId "12908150"]
[BlackFideId "4676386"]
[EventDate "2022.03.05"]

1. d4 Nf6 2. c4 e6 3. Nc3 Bb4 4. Bd2 c5 5. dxc5 O-O 6. Nf3 Nc6 7. g3 Bxc5 8. Bg2
b6 9. O-O Bb7 10. Bf4 Rc8 11. Rc1 h6 12. Bd6 Bxd6 13. Qxd6 Ne7 14. Nd2 Nf5 15.
Qd3 Bxg2 16. Kxg2 d5 17. cxd5 Nxd5 18. Nxd5 Qxd5+ 19. Qxd5 exd5 20. Nf3 Rc5 21.
Rxc5 bxc5 22. Rd1 Ne7 23. Rc1 c4 24. Nd4 Rc8 25. Kf3 Kf8 26. Ke3 Ke8 27. Rc3 a5
28. b3 Kd7 29. Kd2 h5 30. Rf3 f6 31. Re3 Nc6 32. Nxc6 Rxc6 33. bxc4 Rxc4 34. Ra3
a4 35. Rc3 Rb4 36. Kc2 h4 37. a3 Re4 38. Kd3 hxg3 39. hxg3 Re8 40. Rc5 Rb8 41.
Rxd5+ Kc6 42. Kd4 Rb2 43. Ra5 Rxe2 44. f3 Kb6 45. Rxa4 f5 46. Kd3 Rg2 47. g4
fxg4 48. Rxg4 Ra2 49. Rxg7 Rxa3+ 50. Ke4 Kc6 51. f4 Kd6 52. Kf5 Ra4 53. Kg5 Ra1
54. f5 Rg1+ 55. Kf6 Rf1 56. Ra7 Rf2 57. Kg6 Rg2+ 58. Kf7 Rh2 59. Ra6+ Kd7 60. f6
Rg2 61. Ra1 Rf2 62. Rd1+ Kc7 63. Kg7 Rg2+ 64. Kf8 Rf2 65. f7 Rg2 66. Rd4 1-0

[Event "Bundesliga 2021-22"]
[Site "Dusseldorf GER"]
[Date "2022.05.28"]
[Round "9.7"]
[Board "8"]
[White "Coenen, Michael"]
[Black "Lauber, Arnd"]
[Result "1/2-1/2"]
[WhiteTitle "FM"]
[BlackTitle "IM"]
[WhiteElo "2326"]
[BlackElo "2411"]
[WhiteTeam "Duesseldorfer SK"]
[BlackTeam "SF Berlin"]
[WhiteFideId "4697367"]
[BlackFideId "4632630"]
[EventDate "2022.03.05"]

1. Nf3 d5 2. e3 Nf6 3. c4 e6 4. b3 Bd6 5. Bb2 O-O 6. Nc3 a6 7. d4 b6 8. Bd3 Bb7
9. Qc2 Nbd7 10. cxd5 exd5 11. O-O Qe7 12. Rac1 Ne4 13. Ne2 Rac8 14. Ng3 f5 15.
Qe2 Ra8 16. Qc2 Rac8 17. Qe2 Ra8 18. Qc2 Rac8 19. Qe2 Ra8 1/2-1/2

[Event "Bundesliga 2021-22"]
[Site "Dusseldorf GER"]
[Date "2022.05.28"]
[Round "9.8"]
[Board "1"]
[White "Stern, Rene"]
[Black "Seel, Christian"]
[Result "1/2-1/2"]
[WhiteTitle "GM"]
[BlackTitle "IM"]
[WhiteElo "2510"]
[BlackElo "2486"]
[WhiteTeam "SK Koenig Tegel"]
[BlackTeam "Aachener SV"]
[WhiteFideId "4611799"]
[BlackFideId "4663098"]
[EventDate "2022.03.05"]

1. Nf3 Nf6 2. c4 c5 3. Nc3 Nc6 4. e3 e5 5. d4 e4 6. d5 exf3 7. dxc6 dxc6 8.
Qxd8+ Kxd8 9. gxf3 g6 10. b3 Bg7 11. Bb2 Ke7 12. O-O-O Be6 13. Bd3 Rhd8 14. Rhg1
Rd7 15. Kc2 b6 16. Ne2 Ne8 17. Bxg7 Nxg7 18. Ng3 Rad8 19. Be4 Rxd1 20. Rxd1 Bd7
21. f4 Rb8 22. Bd3 Bg4 1/2-1/2

[Event "Bundesliga 2021-22"]
[Site "Dusseldorf GER"]
[Date "2022.05.28"]
[Round "9.8"]
[Board "2"]
[White "Nagy, Gabor1"]
[Black "Rabiega, Robert"]
[Result "1/2-1/2"]
[WhiteTitle "GM"]
[BlackTitle "GM"]
[WhiteElo "2507"]
[BlackElo "2505"]
[WhiteTeam "Aachener SV"]
[BlackTeam "SK Koenig Tegel"]
[WhiteFideId "737119"]
[BlackFideId "4601475"]
[EventDate "2022.03.05"]

1. c4 e6 2. g3 d5 3. d4 Nf6 4. Bg2 Be7 5. Nf3 O-O 6. Qc2 c5 7. O-O cxd4 8. Nxd4
Nc6 9. Nxc6 bxc6 10. b3 a5 11. Nc3 Ba6 12. Rd1 Qc7 13. Na4 dxc4 14. bxc4 Rab8
15. a3 Nd7 16. Bf4 e5 17. Be3 Rfd8 18. Rd2 Nf6 19. Rxd8+ Qxd8 20. Nc5 Bc8 21. h3
h5 22. Rd1 Qf8 23. Nb3 Ra8 24. Qc3 Bxa3 25. Qxe5 a4 26. Nc5 Bxc5 27. Bxc5 Ra5
28. Bxf8 Rxe5 29. Ba3 Ba6 30. e3 Bxc4 31. Bxc6 Bb3 32. Rd4 Ra5 33. e4 Ra6 34.
Bb5 Ra8 35. e5 Nd5 36. Bc6 Nc3 37. Rd3 Rc8 38. Bb7 Rc7 39. Bf3 Nb5 40. Bb2 Be6
41. Rd8+ Kh7 42. Rb8 Rc5 43. Be2 1/2-1/2